LEADER 00670nam a2200193 i 4500 001 000000172556 003 CaOOAMICUS 005 20080617000000.0 008 080617s1949 it u000 u ita u 013 $a149998 040 $aSeMil$bita 100 1 $aCalderon de la Barca, Pedro.$0(OLS)http://semarc/name/43450 245 10$aTeatro /$cCalderòn De La Barca. 260 $aFirenze :$bSansoni,$cstampa 1949. 300 $aXL, 648 p. ;$c21 cm. 850 $aSeMil 852 $aSeMil$W1$xVenegono$y1$m1W V 2$j123411$B123411$CSeMilBibl$Z2$F134568 $81 996 $6245$aTeatro$9(OLS)http://semarc/title/2640 996 $6260$aFirenze :$bSansoni$9(OLS)http://semarc/publisher/29843 LEADER 01193nam a2200277 i 4500 001 000000042650 003 CaOOAMICUS 005 20260311120003.0 008 100526s1994 it u000 u ita u 013 $a13820 020 $a88-10-20612-6 040 $aSeMil$bita 245 10$aLettera ai Colossesi /$cintroduzione, versione, commento a cura di Jean-Noël Aletti. 260 $aBologna :$bEDB,$c1994. 300 $a266 p. ;$c24 cm. 490 0 $aScritti delle origini cristiane ;$v12 650 4$aBibbia. Nuovo Testamento. Lettera ai Colossesi - Commentari, studi, critica e interpretazioni.$0(OLS)http://semarc/subject/5914 700 1 $aAletti, Jean-Noël,$c.$0(OLS)http://semarc/name/90332 830 0$aScritti delle origini cristiane ;$v12.$0(OLS)http://semarc/title/5925 850 $aSeMil 852 $aSeMil$W1$xVenegono$y1$m2WA S 12$j270273$B8805$CSeMilBibl$Z2$F8805 $81 961 $aOmaggio: Tremolada don Pierantonio 996 $6020$a88-10-20612-6$9(OLS)http://semarc/number/14028 996 $6245$aLettera ai Colossesi$9(OLS)http://semarc/title/62280 996 $6260$aBologna :$bEDB$9(OLS)http://semarc/publisher/29669